Albums-Songs (Lady Gaga) pt.5 - Statistics

General Stats
  • This quiz has been taken 17 times
  • The average score is 13 of 15
Answer Stats
Hint Answer % Correct
2 Abracadabra
100%
Album Tilte MAYHEM
100%
13 Blade Of Grass
94%
1 Disease
94%
5 Vanish Into You
94%
14 Die With A Smile
88%
3 Garden Of Eden
88%
4 Perfect Celebrity
88%
10 Don't Call Tonight
82%
9 How Bad Do You Want Me
82%
6 Killah
82%
8 Lovedrug
82%
7 Zombieboy
82%
11 Shadow Of A Man
76%
12 The Beast
71%
No matching quizzes found
Score Distribution
Percent of People with Each Score
Percentile by Number Answered
Your Score History
You have not taken this quiz